00517nam a2200193 a 4500001001300000003000900013005001700022008004100039020001000080082001600090100002300106245004400129260004300173300000800216500003500224505001000259650003100269700002300300nice12345678IN_TiNIC20260116012403.0050524s0000 hyda grp 000 0 urd  ac1.500a297.4bKHA9 aKhan, Mohammad Ali aSawaneh Umri Hazrat Syedna Ghausul Azam aHyderabadbCommercial Book Depotc0000 a80p aincludes index and biblioraphy2 aIndex aSufism-Hagiography-Jeelani1 aKhan, Mohammad Ali